| 000 | 00557nab a2200205 a 4500 | ||
|---|---|---|---|
| 005 | 20210219155132.0 | ||
| 008 | 991125s1985 mx 000 0 spa u | ||
| 035 | _aUPN01000139036 | ||
| 100 | 1 | _aGoltzman, Paula | |
| 222 | _aENSAYOS Y EXPERIENCIAS | ||
| 245 | _aintervenciones comunitarias en la prevención del sida entre usuarios de drogas | ||
| 260 | _aMéxico | ||
| 300 | _a50-59 | ||
| 362 | 0 | _a2001 año 7, no. 39, jul.-ago. | |
| 653 | 0 | _aDROGAS | |
| 653 | 0 | _aVIH | |
| 653 | 0 | _aDROGADICTOS | |
| 653 | 0 | _aREHABILITACION | |
| 905 | _aArticulo | ||
| 999 |
_c111184 _d111184 |
||